Govt. of
Madhya Pradesh

The Upanishads (Record no. 4621)

MARC details
000 -LEADER
fixed length control field 004300000a22001810004500
003 - CONTROL NUMBER IDENTIFIER
control field MACL
005 - DATE AND TIME OF LATEST TRANSACTION
control field 20151017104717.0
008 - FIXED-LENGTH DATA ELEMENTS--GENERAL INFORMATION
fixed length control field 151017b xxu||||| |||| 00| 0 eng d
040 ## - CATALOGING SOURCE
Original cataloging agency MACL
Transcribing agency MACL
041 ## - LANGUAGE CODE
Language code of text/sound track or separate title English
082 ## - DEWEY DECIMAL CLASSIFICATION NUMBER
Classification number 294/AUR
100 ## - MAIN ENTRY--PERSONAL NAME
Personal name Sri Aurobindo
9 (RLIN) 8628
245 ## - TITLE STATEMENT
Title The Upanishads
260 ## - PUBLICATION, DISTRIBUTION, ETC. (IMPRINT)
Name of publisher, distributor, etc. Sri Aurobindo Ashram
Date of publication, distribution, etc. 1992
Place of publication, distribution, etc. Pondicherry
350 ## - PRICE (NR) (BK AM CF MU VM SE) [OBSOLETE]
Price 75
650 ## - SUBJECT ADDED ENTRY--TOPICAL TERM
Topical term or geographic name as entry element Religion
9 (RLIN) 15480
942 ## - ADDED ENTRY ELEMENTS (KOHA)
Koha item type Books
Call number prefix 294
Source of classification or shelving scheme
Holdings
Withdrawn status Lost status Source of classification or shelving scheme Damaged status Not for loan Home library Current library Date acquired Cost, normal purchase price Total Checkouts Full call number Barcode Date last seen Date last checked out Uniform Resource Identifier Price effective from Koha item type
          MACL MACL 30/06/2015 75.00 2 294/AUR CRE006625 02/05/2024 05/11/2016 4586 15/04/2015 Books